| 000 -LEADER |
| fixed length control field |
00472nam a22001097a 4500 |
| 008 - FIXED-LENGTH DATA ELEMENTS--GENERAL INFORMATION |
| fixed length control field |
160425b xxu||||| |||| 00| 0 eng d |
| 100 ## - MAIN ENTRY--AUTHOR'S NAME |
| Author's Name |
Wowern, Eric |
| 245 ## - TITLE STATEMENT |
| Title |
Greenland : the Thule locals |
| 250 ## - EDITION STATEMENT |
| Linkage |
4th |
| 260 ## - PUBLICATION, DISTRIBUTION, ETC. (IMPRINT) |
| Place of publication, distribution, etc. |
Virum, Denmark |
| Name of publisher, distributor, etc. |
GF Frimaerker |
| Date of publication, distribution, etc. |
1979 |
| 650 ## - TOPICAL TERM (Tag) |
| Topical term or geographic name |
Greenland | Thule | 1935-1937 | Locals and Private Posts | Plates and Plating | Errors and Varieties | Production | Catalogs and Price Lists | Postal Markings | Postal History | Denmark | Danish Colonies |